Islam and justice

Bibliographic Details
Other Authors: Aidit bin Haji Ghazali
Format: Book
Published: Kuala Lumpur : Institut Kefahaman Islam,Malaysia , 1993
Subjects:

MARC

LEADER 00000cam a2200000 7i4500
001 0000003046
002 000003298
005 20000330.0
020 |a 9839986333 
090 0 0 |a 297.14   |b ISL 
245 0 0 |a Islam and justice   |c edited by Aidit Haji Ghazali 
260 |a Kuala Lumpur :   |b Institut Kefahaman Islam,Malaysia ,   |c 1993 
300 |a 227p. ;   |c 23cm. 
650 0 0 |a Islamic law 
650 0 0 |a Law   |x Religions aspects   |x Islam 
700 0 |a Aidit bin Haji Ghazali 
999 |a 034570   |b BUKU   |c PINJAMAN   |e PERPUSTAKAAN KOMUNITI PETALING JAYA